000 00732nam a22002297a 4500
003 OSt
005 20251210031317.0
008 251210b |||||||| |||| 00| 0 eng d
020 _a9718581901
040 _aDWCL - Main
_cOC
082 _aFil. 137.5 Om54y 2005
100 _aOmas-as, Roberta L.
_eAuthor
245 _aYou and your personality /
_cRoberta L. Omas-as
250 _aRevised edition.
260 _bQuezon City, Philippines:
_aGreat Books Publishing,
_cc2005.
300 _axii, 141 pages:
_billustrations;
_c19 cm.
504 _aIncludes bibliographical references.
650 _a1. Personality.
650 _a2. Psychology -- Applied.
700 _aI. Bhagwani, Ernie T.
_eEditor
942 _2ddc
_cBK - FIL
_n0
999 _c7010
_d7010